| 000 | 00529nam a2200181Ia 4500 | ||
|---|---|---|---|
| 001 | 56050 | ||
| 008 | 130108n2008 ii |||gr||||Z||||||465 | ||
| 020 | _a8130705206 | ||
| 082 | _a294.5921 | ||
| 245 | 0 |
_aSandilyasutram : _bThe Sacred Books of the Hindus / _cNandalal Sinha Translated by . _hTextual Documents |
|
| 250 | _aIst ed. | ||
| 260 |
_aNew Delhi _bCosmo Publications _c2008 |
||
| 300 |
_a102pg: _c23cm. |
||
| 653 | _aRelegion | ||
| 653 | _aDeptt- Sanskrit | ||
| 700 |
_aSinha , Nandalal , _eTranslator. |
||
| 942 |
_2ddc _cBK |
||
| 999 |
_c55974 _d55974 |
||